| 000 | 00794nam a2200241Ia 4500 | ||
|---|---|---|---|
| 003 | GCL | ||
| 005 | 20240530095316.0 | ||
| 008 | 140319s9999 xx 000 0 ara d | ||
| 040 |
_aGCL / _cGCL |
||
| 082 | 0 | 4 |
_a808.068 _bط/هـ أ |
| 100 | 1 | _aهدى محمد قناوى | |
| 245 | 1 | 0 |
_aادب الطفل وحاجاته : _bخصائصه ووظائفه فى العملية التعليمية / _cهدى محمد قناوى |
| 250 | _aالاولى | ||
| 260 |
_aبيروت : _bمكتبة الفلاح ، _c2003 |
||
| 300 |
_a352 ص ؛ _c24 سم |
||
| 650 | 0 | 4 | _aالاطفال |
| 650 | 0 | 4 | _aرياض الاطفال |
| 650 | 0 | 4 | _aتعليم الاطفال |
| 650 | 0 | 4 | _aادب الاطفال |
| 650 | 0 | 4 | _aكتب الاطفال |
| 650 | 0 | 4 | _aثقافة الاطفال |
| 942 |
_2ddc _cBK |
||
| 999 |
_c6015 _d6015 |
||